00724nam a2200241 a 4500001001300000003000900013005001700022008004100039020001000080082001500090100002700105245005100132260004500183300001300228500003500241505001000276650002400286700002700310902000800337942000700345952011500352999001500467nice12345678IN_TiNIC20260116011638.0050524s1854 dela grp 000 0 ger  ac10000a529.3bWII aWiistenfeld, Ferdinand aMuhammadanischen Und Christlichen Zeitrechnung aDelhibIntercultural Publications c1854 a53, 13p. aincludes index and biblioraphy2 aIndex aCalendar-Conversion1 aWiistenfeld, Ferdinand bSRS cBK 001040708StackRoom-aHMIbHMId2007-06-11g100.00l0o529.3 WIIp07957r2007-06-11v100.00w2005-05-24yBK c3095d3095